| 000 | 00834nam a2200253 i 4500 | ||
|---|---|---|---|
| 001 | 179931 | ||
| 003 | ES-MaACL | ||
| 005 | 20251004063222.0 | ||
| 008 | 120302s2010 sp a |||| | spa d | ||
| 020 | _a978-84-92984-22-0 | ||
| 080 | _a061.236.6 | ||
| 100 | 1 |
_aSerna, Ricardo, _d1954- _9149501 |
|
| 245 | 1 | 3 |
_aEl compás y la pluma _b: artículos masónicos de ayer y de hoy / _cRicardo Serna. |
| 250 | _a1ª ed. | ||
| 260 |
_aOviedo : _bMasonica.es, _c2010. |
||
| 300 |
_a227 p. : _bil. ; _c22 cm. |
||
| 490 | 1 | _aSerie roja, autores contemporáneos | |
| 504 | _aReferencias bibliográficas. | ||
| 610 | 2 | 4 |
_aMasonería _95658 |
| 830 | 0 |
_aSerie roja, autores contemporáneos _9191149 |
|
| 852 | 1 |
_aES-MaACL _jA-12010 _9186835 _bR.146757 _cDEPO1 _dOlim: N-5015 |
|
| 942 |
_2udc _cMONOGRAFIA |
||
| 999 |
_c179931 _d179931 |
||